| 000 | 00731cam a22002533a 4500 | ||
|---|---|---|---|
| 001 | 24165 | ||
| 003 | PGUSA | ||
| 005 | 20140828083521.0 | ||
| 008 | 080104s2008||||xxu|||||s|||||000 | eng d | ||
| 040 |
_aPGUSA _beng |
||
| 042 | _adc | ||
| 050 | 4 | _aNK | |
| 100 | 1 |
_aWheeler, Candace, _d1827-1923 |
|
| 245 | 1 | 4 |
_aThe Development of Embroidery in America _h[electronic resource] / _cCandace Wheeler |
| 260 |
_bProject Gutenberg, _c2008 |
||
| 506 | _aPublic domain in the USA. | ||
| 516 | _aElectronic text | ||
| 653 | _aEmbroidery -- United States | ||
| 653 | _aTapestry -- United States | ||
| 653 | _aBayeux tapestry | ||
| 830 | 0 |
_aProject Gutenberg _v24165 |
|
| 856 | 4 | 0 | _uhttp://www.gutenberg.org/ebooks/24165 |
| 942 | _cEB | ||
| 999 |
_c253420 _d253420 |
||